00928nam a2200229 a 450000100100000000500170001000800410002704000250006810000260009324000890011924501250020826000450033330000210037849000160039959000750041570000340049070000260052489000160055004900090056695201060057599900170068100003500120200930074035.0111024s1966 cl 000 0 spa d aDO-SdBNPbspacBNPHU1 aIovchuk, M. T.94784510aPrótf soviemiénnij buryuásnilk fafsificátorov markeistskoi filosófiilruso14aLos falsificadores de la filosofia marxista /cM. T. Iovchuk ; tradujo del ruso Teodosio Varela ; revisó Alvaro Rojas. aBogotá :bEdiciones Sudamerica,c1966. a281 p. ;c21 cm.1 aFundamentos aPerteneció a la biblioteca personal de Juan Isidro Jimenes Grullón1 aVarela, Teodosio,etr.9606121 aRojas, Alvaro.960613 0aFundamentos aBNPD 0010507-18MOaGRbGRcOId2011-10-24iLF1l0o p35001-10r2020-06-25w2020-06-25y1ZNo se presta c34492d34492